书目信息 |
| 题名: |
极具挑战的地球故事
|
|
| 作者: | 李栓科 主编 | |
| 分册: | ||
| 出版信息: | 上海 上海科学技术文献出版社 2004.4 |
|
| 页数: | 205页 | |
| 开本: | 24cm | |
| 丛书名: | 教科文行动 | |
| 单 册: | ||
| 中图分类: | K91-49 | |
| 科图分类: | ||
| 主题词: | 地理--世界--普及读物 | |
| 电子资源: | ||
| ISBN: | 7-5439-2286-X | |
| 000 | 00727nam2 2200241 45 | |
| 001 | 012004000000 | |
| 005 | 20041103162214.81 | |
| 010 | @a7-5439-2286-X@dCNY 28.00 | |
| 100 | @a20040803e20042004em y0chiy0121 ea | |
| 101 | 0 | @achi |
| 102 | @aCN@b310000 | |
| 105 | @aa z 000yy | |
| 200 | 1 | @a极具挑战的地球故事@Aji ju tiao zhan de di qiu gu shi@f李栓科主编 |
| 210 | @a上海@c上海科学技术文献出版社@d2004.4@h2004.6重印 | |
| 215 | @a205页@c图@d24cm | |
| 225 | 2 | @a教科文行动@e给头脑的基本储存 |
| 410 | 0 | @12001 @a教科文行动 |
| 410 | 0 | @12001 @a给头脑的基本储存 |
| 606 | 0 | @a地理@y世界@j普及读物 |
| 690 | @aK91-49@v4 | |
| 701 | 0 | @a李栓科@Ali shuan ke@4主编 |
| 801 | 0 | @aCN@bQSSKxf@c20041103 |
| 905 | @a10447@dK91-49@eL260 | |
| 极具挑战的地球故事/李栓科主编.-上海:上海科学技术文献出版社,2004.4(2004.6重印) |
| 205页:图;24cm.-(教科文行动:给头脑的基本储存) |
| ISBN 7-5439-2286-X:CNY 28.00 |
| ● |
| 相关链接 |
|
|
|
正题名:极具挑战的地球故事
索取号:K91-49/L260
 
预约/预借
| 序号 | 登录号 | 条形码 | 馆藏地/架位号 | 状态 | 备注 |
| 1 | 425009 | 204250096 | 社科库309/309社科库 12排2列2层/ [索取号:K91-49/L260] | 在馆 | |
| 2 | 425010 | 204250103 | 社科库309/309社科库 12排2列2层/ [索取号:K91-49/L260] | 在馆 | |
| 3 | 425011 | 204250112 | 社科库309/309社科库 12排2列2层/ [索取号:K91-49/L260] | 在馆 |